000 00256nam a22001097a 4500
008 170116b xxu||||| |||| 00| 0 eng d
020 _a1558101993
041 _aeng
080 _a618.2
245 _aMAGNET HOSPITALS REVISITED
_cMCCLURE, M,L
942 _2udc
_cBK
999 _c2908
_d2908